La revolución en América / (Record no. 73508)

MARC details
000 -LEADER
campo de control de longitud fija 00468nam a2200169 i 4500
001 - NÚMERO DE CONTROL
campo de control 73508
003 - IDENTIFICADOR DE NÚMERO DE CONTROL
campo de control ES-MaACL
005 - FECHA Y HORA DE LA ÚLTIMA TRANSACCIÓN
campo de control 20230906171834.0
007 - CAMPO FIJO DE DESCRIPCIÓN FÍSICA--INFORMACIÓN GENERAL
campo de control de longitud fija t|
008 - DATOS DE LONGITUD FIJA--INFORMACIÓN GENERAL
campo de control de longitud fija 040908s1958 sp ||||1| spa d
100 1# - ENTRADA PRINCIPAL--NOMBRE DE PERSONA
Nombre de persona Gómez Hurtado, Alvaro.
9 (RLIN) 57984
245 13 - MENCIÓN DEL TÍTULO
Título La revolución en América /
Mención de responsabilidad, etc. Alvaro Gómez Hurtado.
250 ## - MENCION DE EDICION
Mención de edición [1ª ed.].
260 ## - PUBLICACIÓN, DISTRIBUCIÓN, ETC.
Lugar de publicación, distribución, etc. Barcelona :
Nombre del editor, distribuidor, etc. AHR,
Fecha de publicación, distribución, etc. [1958] (
Fabricante Condal)
300 ## - DESCRIPCIÓN FÍSICA
Extensión 285 p. ;
Dimensiones 21 cm.
852 ## - LOCALIZACIÓN
Ubicación ES-MaACL
Número de control de estantería C-14040
Sublocalización o colección R.41899
Holdings
Estatus retirado Estado de pérdida Estado de daño No para préstamo Biblioteca de origen Biblioteca actual Ubicación en estantería Fecha de adquisición Fuente de adquisición Total de préstamos Signatura topográfica completa Código de barras Visto por última vez Precio de reemplazo Tipo de ítem Koha
        Biblioteca del Ateneo de Madrid Biblioteca del Ateneo de Madrid Sala Palomar 17/01/2008     C-14040 1076941 23/02/2023 23/02/2023 Libro impreso